• 首页
  • 本馆介绍
  • 公告通知
  • 最新文献
  • 馆藏检索
  • 电子资源
  • 读者导购
  • 参考咨询
  • 我的图书馆
  • 登录
  • 详细信息显示
  • 放入我的书架
  • 预约/预借图书
  • 作者相关作品
  • 分类相关作品
  • 丛书相关作品
  • 出版社相关作品

书目信息

  • 表格格式
  • 工作单格式
  • 卡片格式
题名:
都市文化研究
    
 
作者: 孙逊 , 杨剑龙 主编
分册: 第3辑   阅读城市:作为一种生活方式的都市生活
出版信息: 上海   上海三联书店  2007
页数: 344页
开本: 24cm
丛书名:
单 册:
中图分类: C912.81 , D583
科图分类:
主题词: 城市--文化史--研究--世界--文集 , 城市--生活方式--研究--世界--文集
电子资源:
ISBN: 978-7-5426-2495-6
000 01306nam0 2200277 450
001 1260157453
005 20121004164332.03
010    @a978-7-5426-2495-6@dCNY38.00
100    @a20111117d2007 em y0chiy0110 ea
101 0  @achi
102    @aCN@b310000
105    @aa z 000yy
200 1  @a都市文化研究@Adu shi wen hua yan jiu@Adu shi wen hua xing jiu@h第3辑@i阅读城市:作为一种生活方式的都市生活@dUrban cultural studies@h3@iReading cities: urbanism as a way of life@f孙逊,杨剑龙主编@zeng
210    @a上海@c上海三联书店@d2007
215    @a344页@c图@d24cm
330    @a本书分“都市文化”、“城市史学”、“城市与社会”、“艺术中的都市文化”等个专栏,收录文章有《大都市和精神生活》、《美国历史中的城市》、《社交俱乐部的价值》等。
510 1  @aUrban cultural studies@h3@iReading cities: urbanism as a way of life@zeng
517 1  @a阅读城市:作为一种生活方式的都市生活@Ayue dU cheng shi:zuo wei yi zhong sheng huo fang shi de du shi sheng huo@Ayue dou cheng shi: zuo wei yi zhong sheng huo fang shi de du shi sheng huo
606 0  @a城市@x文化史@x研究@y世界@j文集
606 0  @a城市@x生活方式@x研究@y世界@j文集
690    @aC912.81@v4
690    @aD583@v4
701  0 @a孙逊@Asun xun@4主编
701  0 @a杨剑龙@Ayang jian long@4主编
801  0 @aCN@bNLC@c20111117
905    @a10447@dC912.81@eJY300
    
    都市文化研究.第3辑.阅读城市:作为一种生活方式的都市生活=Urban cultural studies.3.Reading cities: urbanism as a way of life/孙逊,杨剑龙主编.-上海:上海三联书店,2007
    344页:图;24cm
    
    
    ISBN 978-7-5426-2495-6:CNY38.00
    本书分“都市文化”、“城市史学”、“城市与社会”、“艺术中的都市文化”等个专栏,收录文章有《大都市和精神生活》、《美国历史中的城市》、《社交俱乐部的价值》等。
●
相关链接 在E读中查询图书 在五车中查询图书 在当当中查询图书 在豆瓣中查询图书


正题名:都市文化研究     索取号:C912.81/JY300         预约/预借

序号 登录号 条形码 馆藏地/架位号 状态 备注
1 7810908   278109084   学院路分馆/ [索取号:C912.81/JY300] 在馆    
2 7810909   278109093   学院路分馆/ [索取号:C912.81/JY300] 在馆    
唐山师范学院图书馆 欢迎您!
大连网信软件有限公司© 版权所有